000 00423nam a22001697a 4500
005 20180707112035.0
008 160512b xxu||||| |||| 00| 0 eng d
020 _a0-7069-9777-8
041 _aeng
082 _b1681
_a658.15
100 _aPandey, I .M
_94470
245 _aEssentials of management Accounting
260 _aNew Delhi
_bVikas Publishing
_c1995
300 _a486p,
650 _aManagement
_9241
942 _cBK
999 _c652
_d652